| 000 | 00874cam a2200265 a 4500 | ||
|---|---|---|---|
| 001 | 16451819 | ||
| 005 | 20180208080202.0 | ||
| 008 | 100909s2011 nyuab b 001 0 eng | ||
| 010 | _a 2010038275 | ||
| 020 | _a9781609180065 (pbk. : alk. paper) | ||
| 020 | _a1609180062 (pbk. : alk. paper) | ||
| 035 | _a(OCoLC)ocn609541413 | ||
| 040 |
_aDLC _cDLC _dYDX _dBTCTA _dYDXCP _dCDX _dDLC |
||
| 041 | _aeng | ||
| 042 | _apcc | ||
| 080 | _a338.09051 DIC | ||
| 082 | 0 | 0 |
_a338.09051 DIC _222 |
| 100 | 1 | _a58 | |
| 101 | _aBUS | ||
| 245 | 1 | 0 |
_aGlobal shift : _cPeter Dicken. |
| 504 | _aIncludes bibliographical references and index. | ||
| 906 |
_a7 _bcbc _corignew _d1 _eecip _f20 _gy-gencatlg |
||
| 942 |
_2ddc _cBK |
||
| 999 |
_c42155 _d42155 |
||